Arms control verification occasional paper /
Analiza las implicaciones del proceso de verificación de un acuerdo de paz, concerniente al control de armas y desarme en Centroamérica. El documento inicia con pequeñas introducciones sobre aspectos políticos, militares y diplomáticos de la región, seguido de un vistazo a los acuerdos firmados hast...
Gespeichert in:
| 1. Verfasser: | |
|---|---|
| Format: | Unbekannt |
| Veröffentlicht: |
Ottawa :
Arms Control and Disarmament Division,
1989
|
| Schlagworte: | |
| Tags: |
Tag hinzufügen
Keine Tags, Fügen Sie den ersten Tag hinzu!
|
MARC
| LEADER | 00000 a2200000 04500 | ||
|---|---|---|---|
| 001 | 430 | ||
| 003 | cru CIDCACS/IIS | ||
| 005 | 20230707092508.0 | ||
| 008 | 991231s d | ||
| 020 | |a 0-662-16769-4 | ||
| 022 | |a [sin ISSN] | ||
| 040 | |c cru CIDCACS/IIS | ||
| 090 | |a 01.02.07 K64a | ||
| 100 | 1 | |9 11108 |a Klepak, H. P. | |
| 245 | |a Arms control verification occasional paper / |c H. P. Klepak | ||
| 260 | |a Ottawa : |b Arms Control and Disarmament Division, |c 1989 | ||
| 300 | |a 78 páginas | ||
| 362 | |a n° 32 | ||
| 520 | |a Analiza las implicaciones del proceso de verificación de un acuerdo de paz, concerniente al control de armas y desarme en Centroamérica. El documento inicia con pequeñas introducciones sobre aspectos políticos, militares y diplomáticos de la región, seguido de un vistazo a los acuerdos firmados hasta junio de 1988. La novedad teórica-metodológica se resume en la propuesta del autor de aprehender la problemática en dos niveles: "contenido mínimo y contenido máximo" de los acuerdos, con miras a lograr mayores logros en las negociaciones. El primer nivel incluye: cese al fuego, control de armas, reducción de fuerzas extranjeras, abolición de la subersión y garantías de seguridad; el segundo nivel ( que busca "maximizar" los alcances del primer nivel) propone la democratización, cooperación, inclusión de los grupos insurgentes y de los EEUU en las negociaciones. Las conclusiones señalan la importancia de fortalecer los mecanismos de verificación en el área, basados en la propuesta de contenidos (mínimo-máximo) así como consolidar la figura de Canadá como mediador de la zona. AB/JM | ||
| 650 | |a RELACIONES INTERNACIONALES | ||
| 650 | |a RELACIONES MULTILATERALES | ||
| 650 | |a ACUERDOS INTERNACIONALES | ||
| 650 | |a NEGOCIACIONES INTERNACIONALES | ||
| 650 | |a DIPLOMACIA | ||
| 650 | |a POLITICA EXTERIOR | ||
| 650 | |a DESARME | ||
| 650 | |a FUERZAS ARMADAS | ||
| 650 | |a INVESTIGACION SOBRE LA PAZ | ||
| 650 | |a MANTENIMIENTO DE LA PAZ | ||
| 650 | |a ORGANIZACIONES REGIONALES | ||
| 942 | |2 ddc |c LI | ||
| 999 | |c 12098 |d 12098 | ||



